| 000 | 00746nam a22002177a 4500 | ||
|---|---|---|---|
| 005 | 20140207152626.0 | ||
| 010 | _aENG-109158 | ||
| 020 |
_a9789383098033 _c495.00 |
||
| 035 | _aEN-92691 | ||
| 037 | _bDBAD/PUB | ||
| 082 | _a796.345092 | ||
| 100 | _aSukumar, Dev S. | ||
| 245 |
_aThe Prakash Padukone story / _cby Dev S. Sukumar |
||
| 260 |
_aNew Delhi _bNiyogi Books _c2013 |
||
| 270 |
_bNew Delhi _e110020 _aD- 78, Okhala Industrial Area, Phase- 1 |
||
| 300 |
_ax,242p. : _c23cm(pbk) _bill. |
||
| 520 |
_aPrakash Padukone, _b1955, badminton player from Karnataka, India. |
||
| 600 |
_aPadukone, Prakash, _d1955- |
||
| 650 |
_aBadminton players _z India _zKarnataka _v Biography. |
||
| 942 |
_2ddc _cEN _mSUK _h796.345092 |
||
| 999 |
_c82102 _d82102 |
||